| 000 | 00656cam a22002293a 4500 | ||
|---|---|---|---|
| 001 | 8894 | ||
| 003 | PGUSA | ||
| 005 | 20140828083206.0 | ||
| 008 | 050901s2005||||xxu|||||s|||||000 | eng d | ||
| 040 |
_aPGUSA _beng |
||
| 042 | _adc | ||
| 050 | 4 | _aPA | |
| 100 | 1 |
_aMackail, J. W. _q(John William), _d1859-1945 |
|
| 245 | 1 | 0 |
_aLatin Literature _h[electronic resource] / _cJ. W. Mackail |
| 260 |
_bProject Gutenberg, _c2005 |
||
| 506 | _aPublic domain in the USA. | ||
| 516 | _aElectronic text | ||
| 653 | _aLatin literature -- History and criticism | ||
| 830 | 0 |
_aProject Gutenberg _v8894 |
|
| 856 | 4 | 0 | _uhttp://www.gutenberg.org/ebooks/8894 |
| 942 | _cEB | ||
| 999 |
_c238178 _d238178 |
||